00775pam a2200253 a 45000010008000000030005000080050017000130080041000300100017000710200028000880200018001160350021001340400019001550500021001740820014001951000020002092450068002292600064002973000032003615040066003936500013004596500021004726500028004933562631ASAB20170428112323.0981001s1999 maua b 001 0 eng  a 98044886  a0674581555 (alk. paper) a81-203-2734-9 a(DLC) 98044886 aDLCcASABdDLC00aQP363b.F35 199900a573.82211 aFain, Gordon L.10aMolecular and cellular physiology of neurons /cGordon L. Fain. aNew Delhib Prentice -Hall of India Private Limited.c1999. ax, 693 p. :bill. ;c25 cm. aIncludes bibliographical references (p. [585]-684) and index. 0aNeurons. 0aNeurophysiology. 0aMolecular neurobiology.